Statistics for All Eurovision Winners

Click here to take the quiz!

General Stats

  • This quiz has been taken 63 times
    (45 since last reset)
  • The average score is 51 of 67

Answer Stats

YearCountryTitleArtist% Correct
1974Sweden"Waterloo"ABBA
95%
2019The Netherlands"Arcade"Duncan Laurence
92%
2012Sweden"Euphoria"Loreen
89%
2018Israel"Toy"Netta
89%
1998Israel"Diva"Dana International
89%
2009Norway"Fairytale"Alexander Rybak
89%
2014Austria"Rise Like a Phoenix"Conchita Wurst
89%
2010Germany"Satellite"Lena Meyer-Landrut
87%
2000Denmark"Fly on the Wings of Love"Olsen Brothers
87%
2011Azerbaijan"Running Scared"Eldar & Nigar
84%
2013Denmark"Only Teardrops"Emmelie de Forest
84%
2015Sweden"Heroes"Måns Zelmerlöw
84%
2008Russia"Believe"Dima Bilan
84%
2007Serbia"Molitva"Marija Šerifović
84%
2006Finland"Hard Rock Hallelujah"Lordi
84%
2005Greece"My Number One"Elena Paparizou
84%
1980Ireland"What's Another Year"Johnny Logan
84%
2016Ukraine"1944"Jamala
84%
1981United Kingdom"Making Your Mind Up"Bucks Fizz
82%
2004Ukraine"Wild Dances"Ruslana
82%
2001Estonia"Everybody"Tanel Padar, Dave Benton & 2XL
82%
2002Latvia"I Wanna"Marie N
82%
2003Turkey"Everyway That I Can"Sertab Erener
82%
1970Ireland"All Kinds of Everything"Dana
82%
1967United Kingdom"Puppet on a String"Sandie Shaw
82%
1999Sweden"Take Me to Your Heaven"Charlotte Nilsson
79%
1997United Kingdom"Love Shine a Light"Katrina and the Waves
79%
1996Ireland"The Voice"Eimear Quinn
79%
1987Ireland"Hold Me Now"Johnny Logan
79%
1995Norway"Nocturne"Secret Garden
79%
1994Ireland"Rock 'n' Roll Kids"Paul Harrington & Charlie McGettigan
79%
1993Ireland"In Your EyesNiamh Kavanagh
79%
1992Ireland"Why Me?"Linda Martin
79%
1956Switzerland"Refrain"Lys Assia
79%
1986Belgium"J'aime la vie"Sandra Kim
79%
1969United Kingdom"Boom Bang-a-Bang"Lulu
79%
1968Spain"La, la, la"Massiel
79%
1978Israel"A-ba-ni-bi"Izhar Cohen & Alphabeta
76%
1976United Kingdom"Save Your Kisses for Me"Brotherhood of Man
76%
1989Yugoslavia"Rock Me"Riva
76%
1990Italy"Insieme: 1992"Toto Cutugno
74%
1985Norway"La det swinge"Bobbysocks
74%
1984Sweden"Diggi-loo diggi-ley"Herreys
74%
2017Portugal"Amar pelos dois"Salvador Sobral
74%
1975Netherlands"Ding-A-Dong"Teach-In
74%
1979Israel"Hallelujah"Milk and Honey & Gali Atari
74%
1991Sweden"Fångad av en stormvind"Carola
71%
1982Germany"Ein bißchen Frieden"Nicole
71%
1973Luxembourg"Tu te reconnaîtras"Anne-Marie David
71%
1988Switzerland"Ne partez pas sans moi"Céline Dion
71%
1969Spain"Vivo cantando"Salomé
68%
1963Denmark"Dansevise"Grethe & Jørgen Ingmann
68%
1964Italy"Non ho l'età"Gigliola Cinquetti
68%
1971Monaco"Un banc, un arbre, une rue"Séverine
68%
1969Netherlands"De troubadour"Lenny Kuhr
68%
1972Luxembourg"Après toi"Vicky Leandros
68%
1966Austria"Merci, Chérie"Udo Jürgens
66%
1965Luxembourg"Poupée de cire, poupée de son"France Gall
66%
1959Netherlands"Een beetje"Teddy Scholten
66%
1977France"L'oiseau et l'enfant"Marie Myriam
63%
1962France"Un premier amour"Isabelle Aubret
63%
1961Luxembourg"Nous les amoureux"Jean-Claude Pascal
63%
1983Luxembourg"Si la vie est cadeau"Corinne Hermès
63%
1958France"Dors, mon amour"André Claveau
63%
1957Netherlands"Net als toen"Corry Brokken
63%
1969France"Un jour, un enfant"Frida Boccara
61%
1960France"Tom Pillibi"Jacqueline Boyer
61%

Score Distribution

Percentile by Number Answered

Percent of People with Each Score

Your Score History

You have not taken this quiz since the last reset